| 000 | 01376nam a2200349 i 4500 | ||
|---|---|---|---|
| 001 | 768714001 | ||
| 003 | CO-MdFUSB | ||
| 005 | 20240826162836.0 | ||
| 007 | ta | ||
| 008 | 240604t1989 enk |||| |||| 001 0deng d | ||
| 020 | _a0-521-47766-2 | ||
| 040 |
_aCO-MdFUSB _bspa _cCO-MdFUSB _dCO-MdFUSB _erda |
||
| 041 | 0 | _aeng | |
| 082 | 0 | 4 |
_a226.306 _223 _bM367 |
| 100 | 1 |
_aMarshall, Christopher D. _eautor |
|
| 245 | 0 | 0 |
_aFaith as a theme in Mark´s narrative _c/ Christopher D. Marshall |
| 250 | _asegunda edición | ||
| 264 | 1 |
_bCambridge University Press, _aGran Bretaña, Inglaterra : _c[1989] |
|
| 264 | 4 | _c©1989 | |
| 300 |
_a262 páginas _c; 21 cm |
||
| 336 |
_2rdacontent _atexto _btxt |
||
| 337 |
_2rdamedia _asin mediación _bn |
||
| 338 |
_2rdacarrier _avolumen _bnc |
||
| 505 | _tIntroducción. -- Metodos para explorar el tema. -- El llamdo a la fe. -- El lugar de los milagros en la llmada a la fe. -- La fe y los impotentes. -- Fe y discipulado. -- La naturaleza de la incredulidad. | ||
| 520 | _aEste libro, aclamado por la crítica, aborda la fe a través de un exhaustivo estudio exegético y literario de todas las referencias a la fe en la composición de Marcos. | ||
| 563 | _aRústica | ||
| 630 | 0 | 7 |
_aBiblia. _pEvangelios |
| 650 | 7 |
_aHermenéutica bíblica _2embne _97333 |
|
| 942 | _cBK | ||
| 945 | _aLuz Peña | ||
| 999 |
_c44027 _d44027 |
||